[Event "POL-chT3 Dolnoslaskie 1314"]
[Site "Poland"]
[Date "2014.01.05"]
[Round "6.30"]
[White "Borowski, Przemyslaw"]
[Black "Rozkrut, Robert"]
[Result "1/2-1/2"]
[WhiteElo "1663"]
[BlackElo "1838"]
[PlyCount "88"]
[EventDate "2013.10.20"]
[EventType "team-tourn"]
[EventRounds "11"]
[EventCountry "POL"]
[SourceTitle "EXT 2018"]
[Source "ChessBase"]
[SourceDate "2017.10.13"]
[SourceVersion "1"]
[SourceVersionDate "2017.10.13"]
[SourceQuality "1"]
[WhiteTeam "Zarow Goniec"]
[BlackTeam "Wolow WKSz"]
[WhiteTeamCountry "POL"]
[BlackTeamCountry "POL"]

1. Nf3 c5 2. c4 Nc6 3. Nc3 e6 4. e4 g6 5. d4 cxd4 6. Nxd4 a6 7. Be2 Bg7 8. Be3 Nge7 9. 0-0 0-0 10. Qd2 f5 11. Nxc6 bxc6 12. Bc5 Rf7 13. f3 Bb7 14. Rad1 d5 15. cxd5 cxd5 16. exd5 Nxd5 17. Nxd5 Bxd5 18. b4 Qe8 19. Qc2 Qc6 20. Bc4 Rd7 21. Bxd5 Rxd5 22. Rxd5 exd5 23. Re1 Bd4+ 24. Kf1 Qb5+ 25. Qe2 Qxe2+ 26. Rxe2 Bxc5 27. bxc5 Rc8 28. Rc2 Kf7 29. Ke2 Ke6 30. Kd3 Kd7 31. Kd4 Kc6 32. Rb2 Re8 33. Rb6+ Kc7 34. Kxd5 Re2 35. Rxa6 Rd2+ 36. Ke6 Rxg2 37. a4 Rxh2 38. a5 Ra2 39. Kf6 Ra3 40. f4 Rf3 41. Kg5 h6+ 42. Kxh6 Rxf4 43. Rxg6 Rc4 44. a6 Rxc5 1/2-1/2

[Event "POL-chT3 Dolnoslaskie 1314"]
[Site "Poland"]
[Date "2013.12.15"]
[Round "5.10"]
[White "Rozkrut, Robert"]
[Black "Zak, Pawel"]
[Result "1-0"]
[WhiteElo "1838"]
[BlackElo "1681"]
[PlyCount "93"]
[EventDate "2013.10.20"]
[EventType "team-tourn"]
[EventRounds "11"]
[EventCountry "POL"]
[SourceTitle "EXT 2018"]
[Source "ChessBase"]
[SourceDate "2017.10.13"]
[SourceVersion "1"]
[SourceVersionDate "2017.10.13"]
[SourceQuality "1"]
[WhiteTeam "Wolow WKSz"]
[BlackTeam "Polanica Zdroj KSz"]
[WhiteTeamCountry "POL"]
[BlackTeamCountry "POL"]

1. d4 f5 2. Nc3 g6 3. e4 fxe4 4. Nxe4 Nf6 5. Nxf6+ exf6 6. Bd3 Nc6 7. c3 Bg7 8. Qc2 Qe7+ 9. Ne2 d5 10. 0-0 0-0 11. Nf4 Qd6 12. Re1 Ne7 13. Bd2 Nf5 14. Re2 Bh6 15. Qc1 Nh4 16. f3 Bd7 17. b3 Rae8 18. Rxe8 Rxe8 19. Nxd5 Bxd2 20. Qxd2 c6 21. Qf4 Qxf4 22. Nxf4 g5 23. Nh5 Kf7 24. Kf2 Bf5 25. Rd1 Bxd3 26. Rxd3 Nf5 27. Ng3 Nxg3 28. hxg3 Re7 29. Re3 Rd7 30. g4 b6 31. Ke2 Kg6 32. Kd3 h5 33. gxh5+ Kxh5 34. Re6 f5 35. Rxc6 f4 36. Re6 Kh4 37. Ke4 Rg7 38. Kf5 Kg3 39. Re2 g4 40. fxg4 Rxg4 41. d5 Rg8 42. c4 Rf8+ 43. Kg6 Rh8 44. d6 Rd8 45. Rd2 Rxd6+ 46. Rxd6 Kxg2 47. b4 1-0